Nové médiá v marketingovej komunikácii
Zmeny a tendencie v marketingovej komunikácii pod vplyvom aplikačných možností nových informačno-komunikačných technológií. Nové médiá v komunikácii. Prehľad vybraných komunikačných foriem v nových médiách. Komunikačné nástroje v prostredí internetu.
Salvato in:
| Autore principale: | |
|---|---|
| Natura: | Capitolo di libro |
| Lingua: | slovacco |
| Soggetti: | |
| Tags: |
Nessun Tag, puoi essere il primo ad aggiungerne!!
|
MARC
| LEADER | 00000naa$a2200000$$$4500 | ||
|---|---|---|---|
| 001 | 0120103 | ||
| 005 | 20240502072337.8 | ||
| 041 | 0 | |a slo | |
| 044 | |a SK | ||
| 245 | 1 | 0 | |a Nové médiá v marketingovej komunikácii |c Helena Labská |
| 520 | |a Zmeny a tendencie v marketingovej komunikácii pod vplyvom aplikačných možností nových informačno-komunikačných technológií. Nové médiá v komunikácii. Prehľad vybraných komunikačných foriem v nových médiách. Komunikačné nástroje v prostredí internetu. | ||
| 610 | 2 | 0 | |a marketing |
| 610 | 2 | 0 | |a komunikácia marketingová |
| 610 | 2 | 0 | |a médiá |
| 610 | 2 | 0 | |a internet |
| 610 | 2 | 0 | |a technológie informačné |
| 610 | 2 | 0 | |a technológie komunikačné |
| 610 | 2 | 0 | |a spotrebitelia |
| 100 | 1 | |a Labská, Helena | |